Vplyv priamych zahraničných investícií na formovanie ľudského kapitálu

Formovanie ľudského kapitálu prostredníctvom priamych zahraničných investícií. Faktory ovplyvňujúce vzdelávanie zamestnancov. Transnacionálne korporácie a formálne vzdelávanie. Priame zahraničné investície a podpora vzdelávania na Slovensku.

Salvato in:
Dettagli Bibliografici
Autore principale: Darmo, Ľubomír, 1984-
Natura: Capitolo di libro
Lingua:slovacco
Soggetti:
Tags: Aggiungi Tag
Nessun Tag, puoi essere il primo ad aggiungerne!!

MARC

LEADER 00000nla a2200000 4500
001 0163151
005 20240502072829.6
041 0 |a slo 
044 |a SK 
245 1 0 |a Vplyv priamych zahraničných investícií na formovanie ľudského kapitálu  |c Ľubomír Darmo 
520 |a Formovanie ľudského kapitálu prostredníctvom priamych zahraničných investícií. Faktory ovplyvňujúce vzdelávanie zamestnancov. Transnacionálne korporácie a formálne vzdelávanie. Priame zahraničné investície a podpora vzdelávania na Slovensku. 
610 2 0 |a investície priame zahraničné 
610 2 0 |a vzdelávanie 
610 2 0 |a kapitál ľudský 
610 2 0 |a zamestnanci 
610 2 0 |a korporácie transnacionálne 
610 2 0 |a Slovensko 
100 1 |a Darmo, Ľubomír, 1984-